000 00331nam a2200157Ia 4500
003 OSt
005 20240226115635.0
008 170524s9999 xx 000 0 und d
020 _a978-9339220907
040 _cIIMT UNIVERSITY
100 _aGhatak- Ajay
245 0 _aOPTICS
260 _bTMH
260 _c2007
942 _2ddc
_c02
999 _c5282
_d5282